Chronicles of Riddick Franchise - Statistics

General Stats
  • This quiz has been taken 11 times
  • The average score is 4 of 11
Answer Stats
Group Hint Answer % Correct
Movie 2013 Riddick
90%
Movie 2000 Pitch Black
80%
Movie 2004 The Chronicles of Riddick
80%
Movie TBD Furya
40%
Video Game 2004 The Chronicles of Riddick: Escape From Butcher Bay
30%
Video Game 2009 The Chronicles of Riddick: Assault on Dark Athena
20%
Short 2004 The Chronicles of Riddick: Dark Fury
20%
TV Film 2000 The Chronicles of Riddick: Into Pitch Black
20%
Short 2013 Riddick: Blind Sided
10%
TV Series 2005 GameStar: Die Redaktion
0%
TV Series TBD Merc City
0%
No matching quizzes found
Score Distribution
Percent of People with Each Score
Percentile by Number Answered
Your Score History
You have not taken this quiz